Vista normal
Vista MARC
Entrada Personal Name
Número de registros utilizados en: 1
001 - CONTROL NUMBER
- control field: 13936
003 - CONTROL NUMBER IDENTIFIER
- control field: OSt
005 - DATE AND TIME OF LATEST TRANSACTION
- control field: 20210224173429.0
008 - FIXED-LENGTH DATA ELEMENTS
- fixed length control field: 210224|| aca||aabn | a|a d
040 ## - CATALOGING SOURCE
- Original cataloging agency: OSt
- Transcribing agency: OSt
100 ## - HEADING--PERSONAL NAME
- Personal name: Diago, Mercé
670 ## - SOURCE DATA FOUND
- Source citation: Work cat.: (OSt): Stine, Robert Lawrence, autor 13929, Llamada mortal II / , 1997